000 00478nam a22001457a 4500
999 _c12937
_d12937
008 190206b ||||| |||| 00| 0 eng d
020 _a9712703975
082 _22003
_aDFil 899.211
_bSi3
245 _aMay ibon sa aking bintana/
_cedited by Soledad S. Reyes
260 _aPasig City:
_bAnvil Publishing Inc.,
_c©2003
300 _axxxiv, page 536;
_c23 cm.
650 _aPhilippine literature (Filipino)
_936592
700 _aReyes, Soledad S.
_eEditor
_936593
942 _2ddc
_cDFIL